| LEADER |
00874nam0a2200229 450 |
| 001 |
16846223 |
| 010 |
|
|
|a 978-2-7493-0780-0
|b rel.
|d 15,5
|
| 100 |
|
|
|a 20141210d2026 u u0frey01 ba
|
| 101 |
0 |
|
|a fre
|
| 102 |
|
|
|a FR
|
| 200 |
0 |
|
|a Panique
|f d'après une idée originale de Loisel
|g scénario, Loisel et J. B. Djian - dessin, Mallié - couleur, Lapierre
|
| 207 |
|
1 |
|a
|
| 210 |
|
|
|a Issy-les-Moulineaux
|b 31-33, rue Ernest Renan
|c Vents d'ouest
|d DL 2014
|
| 215 |
|
|
|a 1 vol. (58 p.)
|c ill. en coul.
|d 33 cm
|
| 225 |
1 |
|
|a Le grand mort
|v 5
|
| 461 |
|
0 |
|t Le grand mort
|v 5
|
| 700 |
|
0 |
|a Loisel
|b Régis
|f 1951-....
|4 70
|
| 701 |
|
0 |
|a Djian
|b Jean-Blaise
|f 1953-....
|4 70
|
| 702 |
|
0 |
|a Mallié
|b Vincent
|f 1973-....
|4 440
|
| 900 |
|
|
|a Bandes déssinées ADULTE
|
| 901 |
|
|
|a Accessible au prêt
|
| 995 |
|
|
|a Bibliothèque
|c Bibliothèque
|f 024025187
|h 024025187
|k BDA LOI
|o p
|q a
|r az
|e Bibliothèque
|